Inovações no direito penal econômico : (Record no. 639)

MARC details
000 -LÍDER
Campo Fixo de Controle 00874nam a2200253 a 4500
001 - NÚMERO DE CONTROLE
Campo de Controle 639
003 - IDENTIFICAÇÃO DO NÚMERO DE CONTROLE
Campo de Controle BR-CuiBMT
005 - DATA E HORA DA ÚLTIMA ATUALIZAÇÃO
Campo de Controle 20231111224856.0
008 - DADOS FIXOS
Dados Fixos 231111s2018 dtb 000 0 por d
020 ## - INTERNATIONAL STANDARD BOOK NUMBER
Nº do ISBN 9788595270329
040 ## - AGÊNCIA CATALOGADORA
Código da Agência Catalogadora BR-CuiBMT
Agência que transcreveu o registro BR-CuiBMT
080 ## - Nº DA CLASSIFICAÇÃO DECIMAL UNIVERSAL
Nº edição CDU 2007
Nº Class. CDU 343.37
090 ## - NÚMERO DE CHAMADA
Nº classificação 343.37
Cutter I58
245 10 - TÍTULO PRINCIPAL
Título principal Inovações no direito penal econômico :
Subtítulo prevenção e repressão da criminalidade empresarial /
Indicação de responsabilidade Artur de Brito Gueiros Souza, Juliana de Azevedo Santa Rosa Câmara, (organizadores).
260 ## - PUBLICAÇÃO, DISTRIBUIÇÃO, ETC.
Local de publicação Brasília :
Editora ESMPU,
Data 2018.
300 ## - DESCRIÇÃO FÍSICA
N. páginas ou volumes 296 p. ;
Dimensões 23 cm
504 ## - NOTA DE BIBLIOGRAFIA, ETC.
Nota de bibliografia Inclui bibliografia.
650 ## - ASSUNTO TÓPICO
Cabeçalho tópico ou nome geográfico Direito penal econômico
Subdivisão geográfica Brasil
650 ## - ASSUNTO TÓPICO
Cabeçalho tópico ou nome geográfico Empresa
Subdivisão de forma responsabilidade penal
Subdivisão geográfica Brasil
650 ## - ASSUNTO TÓPICO
Cabeçalho tópico ou nome geográfico Lavagem de dinheiro
650 ## - ASSUNTO TÓPICO
Cabeçalho tópico ou nome geográfico Acordo de leniência
700 1# - ENTRADA SECUNDÁRIA -- NOME PESSOAL
Nome pessoal Câmara, Juliana de Azevedo Santa Rosa
Datas associadas ao nome org.
942 ## - ELEMENTOS DE ENTRADA ADICIONAIS (KOHA)
Fonte de classificação ou esquema de arquivamento Classificação Decimal Universal
Tipo de item do Koha Livros
Holdings
Estado: removido Estado: perdido Fonte de classificação ou esquema de arquivamento Estado: danificado Indisponível para empréstimo Localização permanente Localização atual Data de aquisição Total Checkouts Número de Chamada completo Código de barras Date last seen Número do exemplar Preço efetivo a partir de Tipo de item (Koha)
    Classificação Decimal Universal     Biblioteca da Escola Superior de Contas do TCE/MT Biblioteca da Escola Superior de Contas do TCE/MT 11/11/2023   343.37 I58 BIBTCEMT23110461 11/11/2023 Ex. 1 11/11/2023 Livros

Powered by Koha